One thousand bible quiz. (Record no. 97735)
[ view plain ]
| 000 -LEADER | |
|---|---|
| fixed length control field | 00350nam a2200145Ia 4500 |
| 008 - FIXED-LENGTH DATA ELEMENTS--GENERAL INFORMATION | |
| fixed length control field | 210210b1994 xxu||||| |||| 00| 0 eng d |
| 020 ## - INTERNATIONAL STANDARD BOOK NUMBER | |
| International Standard Book Number | 81 7167 176 4 |
| 082 ## - DEWEY DECIMAL CLASSIFICATION NUMBER | |
| Classification number | 220.02 MENO |
| 100 ## - MAIN ENTRY--PERSONAL NAME | |
| Personal name | MENEZES (Mariadas). |
| 245 ## - TITLE STATEMENT | |
| Title | One thousand bible quiz. |
| 260 ## - PUBLICATION, DISTRIBUTION, ETC. | |
| Place of publication, distribution, etc. | ND |
| Name of publisher, distributor, etc. | Rupa & Co |
| Date of publication, distribution, etc. | 1994 |
| 300 ## - PHYSICAL DESCRIPTION | |
| Extent | 190 |
| 690 ## - LOCAL SUBJECT ADDED ENTRY--TOPICAL TERM (OCLC, RLIN) | |
| Topical term or geographic name as entry element | Christianity |
| 906 ## - LOCAL DATA ELEMENT F, LDF (RLIN) | |
| a | 048707 |
| Withdrawn status | Lost status | Source of classification or shelving scheme | Damaged status | Not for loan | Collection code | Home library | Current library | Date acquired | Cost, normal purchase price | Total Checkouts | Full call number | Barcode | Date last seen | Price effective from | Koha item type |
|---|---|---|---|---|---|---|---|---|---|---|---|---|---|---|---|
| Dewey Decimal Classification | Konkani | St Aloysius Library | St Aloysius Library | 02/17/2021 | 40.00 | 220.02 MENO | 048707 | 02/17/2021 | 02/17/2021 | Book |